| 000 | 00764nam a2200181 i 4500 | ||
|---|---|---|---|
| 001 | 104597 | ||
| 003 | ES-MaACL | ||
| 005 | 20230906183638.0 | ||
| 007 | t| | ||
| 008 | 051202s1978 sp ||||1| spa d | ||
| 110 | 1 |
_aEspaña. _bMinisterio de Agricultura. _bSecretaría General Técnica. _93842 |
|
| 245 | 1 | 0 |
_aRed contable agraria nacional _b: resultados del ejercicio 1977-78 / _cMinisterio de Agricultura, Secretaría General Técnica. |
| 260 |
_aMadrid : _b[s.n.], _c1978 ( _fImp. del Servicio de Publicaciones Agrarias) |
||
| 300 |
_aXXXII, 70 p. : _bil. ; _c30 cm. |
||
| 650 | 4 |
_aAgricultura- _zEspaña- _vEstadísticas. _9143450 |
|
| 710 | 1 |
_aEspaña. _bMinisterio de Agricultura. _bServicio de Publicaciones Agrarias. _9172211 |
|
| 852 |
_aES-MaACL _jC-1911 |
||
| 999 |
_c104597 _d104597 |
||